|
|
|
|
| LEADER |
00000nab a2200000 a 4500 |
| 001 |
vtls001494844 |
| 003 |
SK-MaSNL |
| 005 |
20260304210405.0 |
| 008 |
250505c2004 xo 0 slo |
| 015 |
|
|
|a SNBCL2005/2
|
| 035 |
|
|
|a (uuid)0a02e753-bf55-49eb-8d8b-dd558ff690d7
|
| 035 |
|
|
|a urn:nbn:sk:snk-abu65
|
| 035 |
|
|
|a (urnnbn)urn:nbn:sk:snk:ar-a05n61
|
| 040 |
|
|
|a SNKBUCL
|b slo
|c SNKBUCL
|e AACR2
|
| 041 |
0 |
|
|a slo
|
| 044 |
|
|
|a xo
|c SK
|
| 080 |
|
|
|a 616.89:614.257(437.6):061.3
|2 1981
|
| 100 |
1 |
|
|a Moravčík, K.
|4 aut
|9 797007
|
| 245 |
1 |
0 |
|a Odmeňovanie psychiatrov za psychoterapeutické výkony
|c K. Moravčík, K. Moravčík ml.
|
| 650 |
0 |
7 |
|a psychiatria
|x ekonomika
|2 MESH
|9 1541496
|
| 650 |
0 |
7 |
|a príjem peňažný
|x trendy
|2 MESH
|9 1541497
|
| 650 |
0 |
7 |
|a psychoterapia
|2 MESH
|9 2575
|
| 650 |
0 |
7 |
|a poisťovne zmluvné
|x ekonomika
|2 MESH
|9 1401557
|
| 651 |
|
7 |
|a Slovensko
|2 SNKBUCL
|
| 651 |
|
7 |
|a Slovensko
|2 MESH
|
| 700 |
1 |
|
|a Moravčík, K.
|c mladší
|4 aut
|9 224030
|
| 711 |
1 |
|
|a Slovenský psychiatrický zjazd
|n (6. :
|d 2004 :
|c Spišská Nová Ves, Slovensko)
|4 aut
|9 89910
|
| 773 |
0 |
|
|t Psychiatria pre prax
|g pr. k č. 2/2004, supl. S1 (2004), s. S43
|x 1335-9584
|
| 850 |
|
|
|a Slovenská národná knižnica
|
| 852 |
|
|
|a Slovenská národná knižnica
|
| 954 |
|
|
|a odborná, vedecká literatúra pôvodná (slovenská)
|2 lita
|
| 958 |
|
|
|a article27
|
| 958 |
|
|
|a OND
|
| 958 |
|
|
|a EUIPO
|
| 999 |
|
|
|c 3125877
|d 3127807
|